000 00721nam a2200229Ia 4500
003 OSt
005 20220926025041.0
006 a|||||r|||| 00| 0
007 ta
008 220923b |||||||| |||| 00| 0 eng d
037 _cGeneral Book
040 _aRTL
_cRTL
_beng
041 _2eng
_aeng
082 _aX:991.79164.N8, M6
100 _aMohan Rakesh
_964059
245 0 _aWork, wages and welfare in a developing metropolis
260 _aOXFORD
_bOXFORD UNIVERSITY
_c1986
300 _axi, 403p. Bibliography p.385-95; Appendix p.361-81
_ccm.
650 _aLabour Market Economics-Columbia
_9267896
942 _hX:991.79164.N8, M6
_cGB
_2CC
999 _c646187
_d646187